005690000a22001690004500060000800000082001600008100001700024100001600041245009800057260003900155260000900194300000800203650003700211942000700248999001900255952012500274 a100 a595.182 SAS aJenkins, W R aSasser, J N aNematology : fundamentals and recent advances with emphasis on plant parasitic and soil forms aUniversity of North Carolina press c1960 a469 aNematodes morphology and anatomy cBK c354139d354139 00104070aKAUCOAVbKAUCOAVd2014-05-02l2o595.182 SASpKAU_COAV-6799r2023-11-22 00:00:00s2023-11-04w2014-05-02yBK